LIFE CYCLES ,RAINFOREST (Record no. 4234)
[ view plain ]
| 000 -LEADER | |
|---|---|
| fixed length control field | 00305nam a22001097a 4500 |
| 008 - FIXED-LENGTH DATA ELEMENTS--GENERAL INFORMATION | |
| fixed length control field | 250128b ||||| |||| 00| 0 eng d |
| 020 ## - INTERNATIONAL STANDARD BOOK NUMBER | |
| International Standard Book Number | 9780753473825 |
| 082 ## - DEWEY DECIMAL CLASSIFICATION NUMBER | |
| Classification number | 591.734 CAL |
| 100 ## - MAIN ENTRY--PERSONAL NAME | |
| Personal name | CALLERY,SEAN |
| Relator term | SEAN CALLERY |
| 245 ## - TITLE STATEMENT | |
| Title | LIFE CYCLES ,RAINFOREST |
| 942 ## - ADDED ENTRY ELEMENTS (KOHA) | |
| Source of classification or shelving scheme | |
| Classification part | 591.734 CAL |
| Withdrawn status | Lost status | Source of classification or shelving scheme | Damaged status | Not for loan | Collection code | Permanent Location | Current Location | Shelving location | Date acquired | Total Checkouts | Full call number | Barcode | Date due | Date last seen | Date last checked out | Price effective from | Koha item type | Public note |
|---|---|---|---|---|---|---|---|---|---|---|---|---|---|---|---|---|---|---|
| Non-Fiction | KH8 Primary School Library | KH8 Primary School Library | Non Fiction | 2025-01-28 | 13 | 591.734 CAL | KHPL000005042 | 2026-04-23 | 2026-04-15 | 2026-04-15 | 2025-01-28 | Books - Non Ficton | KH8 PRIMARY |